Správa o menovom vývoji v Slovenskej republike za rok 1993. 2
Dokončenie z minulého čísla. - Realizácia menového programu. Hodnotenie menovej politiky. Uplatňovanie nástrojov menovej politiky (úvery podnikom a domácnostiam, aukčný refinančný úver, úrokové sadzby, zmenkové obchody, lombardný úver, likvidita obchodných bánk). Menový program NBS na r.1994. - Sprá...
Salvato in:
| Natura: | Capitolo di libro |
|---|---|
| Lingua: | slovacco |
| Soggetti: | |
| Tags: |
Nessun Tag, puoi essere il primo ad aggiungerne!!
|
MARC
| LEADER | 00000naa a2200000 4500 | ||
|---|---|---|---|
| 001 | r015569 | ||
| 005 | 20221205091334.9 | ||
| 041 | 0 | |a slo | |
| 044 | |a SK | ||
| 245 | 1 | 0 | |a Správa o menovom vývoji v Slovenskej republike za rok 1993. 2 |
| 520 | |a Dokončenie z minulého čísla. - Realizácia menového programu. Hodnotenie menovej politiky. Uplatňovanie nástrojov menovej politiky (úvery podnikom a domácnostiam, aukčný refinančný úver, úrokové sadzby, zmenkové obchody, lombardný úver, likvidita obchodných bánk). Menový program NBS na r.1994. - Správa predložená na rokovanie NR SR 7.6.1994. | ||
| 610 | 2 | 0 | |a mena |
| 610 | 2 | 0 | |a politika menová |
| 610 | 2 | 0 | |a Slovensko |
| 610 | 2 | 0 | |a 1993 |
| 610 | 2 | 0 | |a údaje štatistické |
| 610 | 2 | 0 | |a program menový |
| 610 | 2 | 0 | |a NBS Bratislava |
| 610 | 2 | 0 | |a banky emisné |